Trattato teories-praties di diritto commerciale / (Record no. 111895)

MARC details
000 -LEADER
campo de control de longitud fija 00735nam a2200169 4500
001 - NÚMERO DE CONTROL
campo de control 111895
003 - IDENTIFICADOR DE NÚMERO DE CONTROL
campo de control ES-MaACL
005 - FECHA Y HORA DE LA ÚLTIMA TRANSACCIÓN
campo de control 20230906185400.0
007 - CAMPO FIJO DE DESCRIPCIÓN FÍSICA--INFORMACIÓN GENERAL
campo de control de longitud fija t|
008 - DATOS DE LONGITUD FIJA--INFORMACIÓN GENERAL
campo de control de longitud fija 061121s1913 it r ||||1| ita d
100 1# - ENTRADA PRINCIPAL--NOMBRE DE PERSONA
Nombre de persona Navarrini, Umberto.
9 (RLIN) 85050
245 10 - MENCIÓN DEL TÍTULO
Título Trattato teories-praties di diritto commerciale /
Mención de responsabilidad, etc. Umberto Navarrini.
260 ## - PUBLICACIÓN, DISTRIBUCIÓN, ETC.
Lugar de publicación, distribución, etc. Torino :
Nombre del editor, distribuidor, etc. Vincenos Bones,
Fecha de publicación, distribución, etc. 1913-1919.
300 ## - DESCRIPCIÓN FÍSICA
Extensión 5 v. ;
Dimensiones 24 cm.
505 8# - NOTA DE CONTENIDO CON FORMATO
Nota de contenido con formato Contiene: T. I. Introduziones. Parte prima.T. II. Parte seconda Diritto delle obliazioni. T. III. Diritto delle obligazioni (continua). T. IV. Diritto delle persone y commercienti. T. V. Diritto delle persone y commercianti e le finele del rapporto giuridico commerciale
852 ## - LOCALIZACIÓN
Ubicación ES-MaACL
Número de control de estantería 1982-F-86
Holdings
Estatus retirado Estado de pérdida Estado de daño No para préstamo Colección Biblioteca de origen Biblioteca actual Ubicación en estantería Fecha de adquisición Fuente de adquisición Total de préstamos Signatura topográfica completa Código de barras Visto por última vez Precio de reemplazo Tipo de ítem Koha
        Colección de folletos Biblioteca del Ateneo de Madrid Biblioteca del Ateneo de Madrid Depósito folletos 17/01/2008     1982-F-86 1116722 23/02/2023 23/02/2023 Folleto